Типоморфизм самородного золота золото-скарновых проявлений северной части Топольнинского рудного поля (Алтайский край); Проблемы геологии и освоения недр; Т. 1

מידע ביבליוגרפי
Parent link:Проблемы геологии и освоения недр: труды XXI Международного симпозиума имени академика М. А. Усова студентов и молодых ученых, посвященного 130-летию со дня рождения профессора М. И. Кучина, Томск, 3-7 апреля 2017 г./ Национальный исследовательский Томский политехнический университет (ТПУ), Институт природных ресурсов (ИПР) ; под ред. А. С. Боева.— , 2017
Т. 1.— 2017.— [С. 176-177]
מחבר ראשי: Окулов А. В.
מחבר תאגידי: Центральный научно-исследовательский геологоразведочный институт цветных и благородных металлов (ЦНИГРИ)
מחברים אחרים: Новиков В. П. (научный руководитель)
סיכום:Заглавие с экрана
שפה:רוסית
יצא לאור: 2017
סדרה:Месторождения полезных ископаемых. Методика поисков и разведки месторождений полезных ископаемых. Геоинформационные системы в геологии
נושאים:
גישה מקוונת:http://earchive.tpu.ru/handle/11683/44427
פורמט: אלקטרוני Book Chapter
KOHA link:https://koha.lib.tpu.ru/cgi-bin/koha/opac-detail.pl?biblionumber=624509

MARC

LEADER 00000naa2a2200000 4500
001 624509
005 20231101133321.0
035 |a (RuTPU)RU\TPU\conf\23769 
035 |a RU\TPU\conf\23767 
090 |a 624509 
100 |a 20171123d2017 k y0rusy50 ca 
101 0 |a rus 
102 |a RU 
105 |a y z 100zy 
135 |a drgn ---uucaa 
181 0 |a i  
182 0 |a b 
200 1 |a Типоморфизм самородного золота золото-скарновых проявлений северной части Топольнинского рудного поля (Алтайский край)  |f А. В. Окулов  |g науч. рук. В. П. Новиков 
203 |a Текст  |c электронный 
225 1 |a Месторождения полезных ископаемых. Методика поисков и разведки месторождений полезных ископаемых. Геоинформационные системы в геологии 
230 |a 1 компьютерный файл (pdf; 382 Kb) 
300 |a Заглавие с экрана 
320 |a [Библиогр.: с. 177 (5 назв.] 
461 1 |0 (RuTPU)RU\TPU\conf\21932  |t Проблемы геологии и освоения недр  |o труды XXI Международного симпозиума имени академика М. А. Усова студентов и молодых ученых, посвященного 130-летию со дня рождения профессора М. И. Кучина, Томск, 3-7 апреля 2017 г.  |o в 2 т.  |f Национальный исследовательский Томский политехнический университет (ТПУ), Институт природных ресурсов (ИПР) ; под ред. А. С. Боева  |d 2017 
463 1 |0 (RuTPU)RU\TPU\conf\21936  |t Т. 1  |v [С. 176-177]  |d 2017 
610 1 |a электронный ресурс 
610 1 |a типоморфизм 
610 1 |a золото 
610 1 |a золото-скарновые месторождения 
610 1 |a Топольнинское рудное поле 
610 1 |a Алтайский край 
610 1 |a золоторудные объекты 
610 1 |a золотоносность 
700 1 |a Окулов  |b А. В. 
702 1 |a Новиков  |b В. П.  |4 727 
712 0 2 |a Центральный научно-исследовательский геологоразведочный институт цветных и благородных металлов (ЦНИГРИ)  |c (Москва)  |c (1972- )  |2 stltpush  |3 (RuTPU)RU\TPU\col\15668 
801 2 |a RU  |b 63413507  |c 20171201  |g RCR 
856 4 |u http://earchive.tpu.ru/handle/11683/44427 
942 |c BK